000 00468nam a22001457a 4500
999 _c129257
_d129257
005 20221025112326.0
008 221025b ||||| |||| 00| 0 eng d
040 _cPK-LaUMT
082 _aAPC 297.2112
_bANW-N
100 _aAnwar Azmi = انوار عزمی
245 _aNaam banaam hamad o sana = نام بنام حمدوثناء /
_cby Anwar Azmi = انوار عزمی
260 _aKarachi :
_bMarkazi Anjuman Soharwarida,
_c1998
300 _a144 p.
942 _cBK